000 00410nam a2200181Ia 4500
001 444
005 20260306140518.0
008 260306t1983||||xx |||||||||||||| ||spa||
041 _aESP
082 _a120
_bM26
100 _aMaritain, Jacques
_eAUT
245 0 _aDistinguir para unir o los grados del saber
260 _c1983
300 _a
_c
650 _aGEN
654 _aCHU
942 _cLIB
_dJUS
_fJUS
_2ddc
_n
999 _c444
_d444